Fulham Squad 2026 - Statistics

General Stats
  • This quiz has been taken 16 times
  • The average score is 19 of 25
Answer Stats
Nation Age Position Answer % Correct
Germany 33 GK Bernd Leno
100%
Nigeria 26 CB Calvin Bassey
100%
Denmark 29 CB Joachim Andersen
100%
Mexico 34 ST Raul Jimenez
100%
USA 28 LB Antonee Robinson
92%
England 30 CM Harrison Reed
92%
Wales 28 RW Harry Wilson
92%
Nigeria 29 LW Alex Iwobi
85%
Norway 27 CDM Sander Berge
85%
Belgium 30 RB Timothy Castagne
85%
Scotland 34 CM Tom Cairney
85%
England 19 CAM Josh King
77%
Netherlands 30 RB Kenny Tete
77%
Spain 29 RW Adama Traore
69%
England 25 CAM Emile Smith Rowe
69%
France 29 CB Issa Diop
69%
Brazil 24 ST Rodrigo Muniz
69%
Serbia 29 CM Sasa Lukic
69%
Spain 26 CB Jorge Cuenca
62%
Brazil 23 LW Kevin
62%
Nigeria 26 RW Samuel Chukwueze
62%
England 25 LB Ryan Sessegnon
54%
France 34 GK Benjamin Lecomte
38%
Sweden 18 ST Jonah Kusi-Asare
38%
Wales 20 CAM Luke Harris
38%
No matching quizzes found
Score Distribution
Percent of People with Each Score
Percentile by Number Answered
Your Score History
You have not taken this quiz